El conocimiento silencioso / (Record no. 8137)

MARC details
000 -LEADER
campo de control de longitud fija 00687nam a2200241 i 4500
001 - NÚMERO DE CONTROL
campo de control 8137
003 - IDENTIFICADOR DE NÚMERO DE CONTROL
campo de control ES-MaACL
005 - FECHA Y HORA DE LA ÚLTIMA TRANSACCIÓN
campo de control 20230906145404.0
007 - CAMPO FIJO DE DESCRIPCIÓN FÍSICA--INFORMACIÓN GENERAL
campo de control de longitud fija t|
008 - DATOS DE LONGITUD FIJA--INFORMACIÓN GENERAL
campo de control de longitud fija 920225s1988 sp |||| | spa d
020 ## - NÚMERO INTERNACIONAL ESTÁNDAR DEL LIBRO
Número Internacional Estándar del Libro 84-85595-65-3
080 ## - NÚMERO DE LA CLASIFICACIÓN DECIMAL UNIVERSAL
Número de la Clasificación Decimal Universal 299.7(=979.5 Yaquis)
100 1# - ENTRADA PRINCIPAL--NOMBRE DE PERSONA
Nombre de persona Castaneda, Carlos.
9 (RLIN) 36394
245 13 - MENCIÓN DEL TÍTULO
Título El conocimiento silencioso /
Mención de responsabilidad, etc. Carlos Castaneda.
250 ## - MENCION DE EDICION
Mención de edición 1ª ed.
260 ## - PUBLICACIÓN, DISTRIBUCIÓN, ETC.
Lugar de publicación, distribución, etc. San Lorenzo de El Escorial :
Nombre del editor, distribuidor, etc. Swan,
Fecha de publicación, distribución, etc. 1988.
300 ## - DESCRIPCIÓN FÍSICA
Extensión 301 p. ;
Dimensiones 22 cm.
490 1# - MENCIÓN DE SERIE
Mención de serie El compás de oro ;
Designación de volumen o secuencia 22
650 14 - PUNTO DE ACCESO ADICIONAL DE MATERIA--TÉRMINO DE MATERIA
Término de materia o nombre geográfico como elemento de entrada Yaquis (Indios)-
Subdivisión general Religión.
9 (RLIN) 159835
830 0# - PUNTO DE ACCESO ADICIONAL DE SERIE-TÍTULO UNIFORME
Título uniforme El compás de oro ;
Designación de volumen o secuencia 22
9 (RLIN) 181924
852 ## - LOCALIZACIÓN
Ubicación ES-MaACL
Número de control de estantería L-15516
Holdings
Estatus retirado Estado de pérdida Estado de daño No para préstamo Biblioteca de origen Biblioteca actual Ubicación en estantería Fecha de adquisición Fuente de adquisición Total de préstamos Signatura topográfica completa Código de barras Visto por última vez Precio de reemplazo Tipo de ítem Koha
        Biblioteca del Ateneo de Madrid Biblioteca del Ateneo de Madrid Depósito 2 17/01/2008     L-15516 1008297 23/02/2023 23/02/2023 Libro impreso